Statistiques concernant États et provinces qui touchent les montagnes Rocheuses

Cliquez ici pour prendre le quiz!

Statistiques générales

  • Ce quiz a été pris 64 fois
  • Le résultat moyen est 5 sur 8

Statistiques - réponses

Province ou État% Correct
Colorado
81%
Utah
79%
Wyoming
78%
Montana
74%
Idaho
72%
Alberta
55%
Colombie-Britannique
55%
Nouveau-Mexique
50%

Distribution des résultats

Percentile par nombre de réponses

% des personnes avec chaque résultat

Votre développement - résultats

Vous n’avez pas pris ce quiz